Twelver Shia Imams - Statistics

General Stats
  • This quiz has been taken 59 times
  • The average score is 6 of 12
Answer Stats
Hint Answer % Correct
632-61 Ali ibn Abi Talib
100%
661-70 Hasan ibn Ali
73%
670-80 Husain ibn Ali
60%
680-712 Ali Zayn al-Abidin
57%
732-65 Ja'far al-Sadiq
53%
874-Pres. Muhammad al-Mahdi
53%
712-32 Muhammad al-Baqir
50%
868-74 Hasan al-Askari
43%
765-99 Musa al-Kadhim
43%
835-68 Ali al-Hadi
40%
799-818 Ali al-Rida
40%
818-35 Muhammad al-Jawad
33%
No matching quizzes found
Score Distribution
Percent of People with Each Score
Percentile by Number Answered
Your Score History
You have not taken this quiz